|
|
|
|
| LEADER |
00000nab a2200000uu 4500 |
| 001 |
vtls011524603 |
| 003 |
SK-MaSNL |
| 005 |
20260304212337.0 |
| 008 |
230704|1969 xo |||||||||||||||||slo| |
| 015 |
|
|
|a SNBRB
|
| 035 |
|
|
|a (urnnbn)urn:nbn:sk:snk:ar-00294y
|
| 035 |
|
|
|a (uuid)77ad8cbc-2e43-4d91-af0e-87314f1e5173
|
| 035 |
|
|
|a urn:nbn:sk:snk-abec3t
|
| 040 |
|
|
|a SNKBUCL
|b slo
|c SNKBUCL
|e AACR2
|
| 041 |
0 |
|
|a slo
|
| 044 |
|
|
|a xo
|c SK
|
| 100 |
1 |
|
|a Sulík, Ivan,
|d 1943-2021
|4 aut
|9 223328
|
| 245 |
1 |
0 |
|a Vedecký seminár v Nitre
|c Ivan Sulík
|
| 610 |
2 |
7 |
|a Pedagogická fakulta v Nitre.
|b Kabinet literárnej komunikácie
|2 SNKMA
|9 216071
|
| 650 |
0 |
7 |
|a vedecké semináre
|2 SNKPH
|9 834153
|
| 650 |
0 |
7 |
|a literárne dielo
|2 SNKPH
|9 69506
|
| 651 |
|
7 |
|a Nitra (Slovensko)
|2 SNKPHgeo
|9 15714
|
| 655 |
|
7 |
|a glosy
|2 SNKPH
|9 28645
|
| 773 |
0 |
|
|t Slovenské pohľady
|g Roč. 85, č. 12 (1969), s. 153-154
|
| 850 |
|
|
|a Slovenská národná knižnica
|
| 852 |
|
|
|a Slovenská národná knižnica
|
| 954 |
|
|
|a odborná, vedecká literatúra pôvodná (slovenská)
|2 lita
|
| 958 |
|
|
|a OND
|
| 958 |
|
|
|a EUIPO
|
| 958 |
|
|
|a article21
|
| 999 |
|
|
|c 3131007
|d 3132937
|